Statistiques concernant Drapeaux de pays à 3 couleurs

Cliquez ici pour prendre le quiz!

Statistiques générales

  • Ce quiz a été pris 54 fois
    (13 depuis la dernière actualisation)
  • Le résultat moyen est 44 sur 74

Statistiques - réponses

Réponse% Correct
Algérie
91%
Australie
91%
Belgique
91%
Corée du Nord
91%
France
91%
Luxembourg
91%
Royaume-Uni
91%
Allemagne
82%
États-Unis
82%
Hongrie
82%
Irlande
82%
Lituanie
82%
Russie
82%
Thaïlande
82%
Colombie
73%
Costa Rica
73%
Cuba
73%
Guinée
73%
Italie
73%
Niger
73%
Norvège
73%
Slovaquie
73%
Bulgarie
64%
Côte d'Ivoire
64%
Estonie
64%
Islande
64%
Jamaïque
64%
Laos
64%
Nouvelle-Zélande
64%
Oman
64%
Panama
64%
Pays-Bas
64%
Roumanie
64%
Sénégal
64%
Yémen
64%
Angola
55%
Arménie
55%
Bahamas
55%
Barbade
55%
Bolivie
55%
Cameroun
55%
Chili
55%
Gabon
55%
Iran
55%
Liban
55%
Madagascar
55%
Mali
55%
Malte
55%
Mongolie
55%
République démocratique du Congo
55%
République du Congo
55%
Samoa
55%
Biélorussie
45%
Botswana
45%
Burkina Faso
45%
Burundi
45%
(Îles) Marshall
45%
Malawi
45%
Mauritanie
45%
Nauru
45%
Taiwan
45%
Tchad
45%
Tchéquie
45%
Bénin
36%
Bosnie-Herzégovine
36%
Chypre
36%
Népal
36%
Rwanda
36%
Saint-Vincent-et-les-Grenadines
36%
Sierra Leone
36%
Trinité-et-Tobago
36%
Grenade
27%
Libéria
27%
Maldives
27%

Distribution des résultats

Percentile par nombre de réponses

% des personnes avec chaque résultat

Votre développement - résultats

Vous n’avez pas pris ce quiz depuis la dernière actualisation